000
00310 a2200109 4500
001
ART_5530
005
20260410161827.0
008
260409a
245
1
0
_a
Inflación mundial
100
1
_a
Lipsey, Richard G.
773
0
_t
Estudios Económicos
_g
- Vol. 1, Nº 1/2 (ene./dic. 1982)
_w
REV5080
999
_c
22903
_d
22903